000
00492nam a2200181Ia 4500
008
090124s9999 xx 000 0 und d
082
_b
127889
100
_a
अभ्यंकर कुसुम
245
_a
कठपुतली
250
_a
1
260
_c
1973
300
_a
260
600
_a
अभ्यंकर कुसुम
630
_a
कठपुतली
700
_a
अभ्यंकर कुसुम
730
_a
कठपुतली
942
_c
BOOK
999
_c
173978
_d
173978